000 00692nam a22002297a 4500
003 UA-OsUOA
001 88366
007 ta
008 20121003b un ||||| |||| 00| 0 ukr d
100 _aХованская З.И.
090 _a82.09
_bХ 68
942 _cBK
040 _aUA-OsUOA
_brus
_cUA-OsUOA
_dUA-OsUOA
245 _aАнализ литературного проиведения в современной французькой филологии
300 _a302 с.
955 _a1
041 _arus
080 _a82.09
260 _aМ.
_bВысшая школа
_c1980
650 7 _a82 Література. Літературознавство
_2UDC
999 _c374667
_d374667